• 首页
  • 本馆介绍
  • 公告通知
  • 最新文献
  • 馆藏检索
  • 电子资源
  • 读者导购
  • 参考咨询
  • 我的图书馆
  • 登录
  • 详细信息显示
  • 放入我的书架
  • 预约/预借图书
  • 作者相关作品
  • 分类相关作品
  • 丛书相关作品
  • 出版社相关作品

书目信息

  • 表格格式
  • 工作单格式
  • 卡片格式
题名:
篆法辨诀
    
 
作者: 应在 著
分册:  
出版信息: 上海   上海书局  1985
页数: 66页
开本: 25cm
丛书名:
单 册:
中图分类: J292.31
科图分类:
主题词: 书法--中国 , 篆刻--中国
电子资源:
ISBN:
000 00529nam0 2200205 45
001 0405200923
005 20040520094011.2
010    @dCNY0.50
100    @a20040520d1985 km y0chiy0120 ea
101 0  @achi
105    @a z 000yy
200 1  @a篆法辨诀@AZhuan Fa Bian Jue@f(元)应在著@F(Yuan)Ying Zai Zhu
210    @a上海@c上海书局@d1985
215    @a66页@d25cm
606 0  @a书法@x中国
606 0  @a篆刻@x中国
690    @aJ292.31@v3
701  0 @a应在@4著
801    @aCN@bPftUser@c20040520
905    @f1@b164528@dJ292.31@e124
    
    篆法辨诀/(元)应在著.-上海:上海书局,1985
    66页;25cm
    
    
    ISBN :CNY0.50
    
●
相关链接 在E读中查询图书 在五车中查询图书 在当当中查询图书 在豆瓣中查询图书


正题名:篆法辨诀     索取号:J292.31/124         预约/预借

序号 登录号 条形码 馆藏地/架位号 状态 备注
1 0164528   000794830   第一借阅区/ [索取号:J292.31/124] 在馆    
唐山师范学院图书馆 欢迎您!
大连网信软件有限公司© 版权所有